01225nab a22002177a 4500999001500000003000400015005001700019008004100036040000700077100002900084245012900113260007200242300001300314505036800327505008900695650002300784650002100807650003600828773013000864942001300994 c6091d6091OSt20260121210323.0190502c xxu||||| |||| 00| 0 spa d cPJ 94831aSandhagen, Alberto13aLa extradición pasiva :bun comentario sobre el precedente “Acosta Allende” de la Corte Suprema / cAlberto Sandhagen. aCiudad Autónoma de Buenos Aires :bThomson Reuters La Ley,c2024. ap. 33-50 aSumario: I. Objeto.— II. Antecedentes del proceso de extradición que derivó en la sentencia de la Corte.— III. Sentencia de la Corte Suprema de Justicia de la Nación.— IV. Una descripción del proceso de extradición pasiva.— V. Reflexiones sobre el proceso de extradición y lo resuelto por la Corte Suprema.— VI. Breves reflexiones finales.  t¿Te interesa el texto completo? Solicitalo al correo: koha@justierradelfuego.gov.ar 09343aDERECHO PENAL 09658aEXTRADICION 09699aFALLOS DE LA CORTE SUPREMA0 0272993180dBuenos Aires : LexisNexis, 2006-tRevista de derecho penal y procesal penal. Nº 9 - Septiembre 2024z9875920622 2udccANA